La economía del bien común: un modelo económico que supera la dicotomía entre capitalismo y comunismo para maximizar el bienestar de nuestra sociedad

Tallennettuna:
Bibliografiset tiedot
Päätekijä: Felber, Christian (Tekijä)
Aineistotyyppi: Kirja
Kieli:espanja
Julkaistu: Buenos Aires Paidós 2014
Painos:1a. ed
Aiheet:
Tagit: Lisää tagi
Ei tageja, Lisää ensimmäinen tagi!

MARC

LEADER 00000cam a2200000 a 4500
001 UCC0405
003 CL-VaPUC
008 170811e20140000ag |||||||||||||||||spa|d
020 |a 9789501201666 
082 0 4 |a 330  |b FEL  |2 21 
100 0 |a Felber, Christian  |e author  |9 594359 
245 1 3 |a La economía del bien común: un modelo económico que supera la dicotomía entre capitalismo y comunismo para maximizar el bienestar de nuestra sociedad 
250 |a 1a. ed 
300 |a 286 p 
942 |c BK 
945 |d 20170811 15:21:00  |a dcastane 
260 |a Buenos Aires  |b Paidós  |c 2014 
650 0 |a Economía   |9 255568 
650 0 |a Capitalismo  |9 255255 
650 0 |a Comunismo  |9 255588 
583 |a last modification  |c 20170811 15:21:00  |k Rodrigo Vera 
999 |c 369256  |d 369254